000 00482nab a22001457 4500
003 ES-SlBCS
005 20210327224146.0
008 160728s2016 it ||||| |||| 00| 0 eng d
040 _aES-SlBCS
_bspa
041 _aeng
100 1 _aMicallef, Réné M.
_9107278
245 1 0 _aWeapons having Ubcontainable Effects in Vatican II and in the Age of Cyberwarfare
_cRené M. Micallef
773 0 _gVol. 97, fasc. 3, 2016, págs. 517-541
_tGregorianum
_wRev219
_x0017-4114
942 _2lcc
_cAR
999 _c468869
_d468869